000 00428nam a2200145Ia 4500
008 230312s9999||||xx |||||||||||||| ||und||
020 _a9780132478793
082 _a629.83
_bPHI-F
100 _aNakayama,K,Thomas
245 0 _aIntercultural Communication In Contexts Intercultural communication in contexts
260 _bPearson
_c2011
300 _a784
650 _aComputer
_vFeedback control systems Textbooks
942 _cBK
999 _c18045
_d18045